Soil Fertility in India / (Record no. 3763)

MARC details
000 -LEADER
fixed length control field 00565nam a22002057a 4500
001 - CONTROL NUMBER
control field BD-DhSAU 3763
003 - CONTROL NUMBER IDENTIFIER
control field BD-DhSAU
005 - DATE AND TIME OF LATEST TRANSACTION
control field 20150209152748.0
008 - FIXED-LENGTH DATA ELEMENTS--GENERAL INFORMATION
fixed length control field 150209s1965 ii a||||r|||| 001 0 eng d
040 ## - CATALOGING SOURCE
Original cataloging agency BD-DhSAU
082 ## - DEWEY DECIMAL CLASSIFICATION NUMBER
Edition number 22
Classification number 631.4
Item number AGS
100 ## - MAIN ENTRY--PERSONAL NAME
Personal name Agarwal, R R
245 ## - TITLE STATEMENT
Title Soil Fertility in India /
Statement of responsibility, etc. R R Agarwal
260 ## - PUBLICATION, DISTRIBUTION, ETC. (IMPRINT)
Place of publication, distribution, etc. India :
Name of publisher, distributor, etc. Asia Pub. Ho. ,
Date of publication, distribution, etc. c1965.
300 ## - PHYSICAL DESCRIPTION
Extent xii, 278 p. :
Other physical details ill. ;
Dimensions 21 cm.
504 ## - BIBLIOGRAPHY, ETC. NOTE
Bibliography, etc Includes bibliographical references and index.
590 ## - Name of Cataloguer
Name of Cataloger erfat
650 ## - SUBJECT ADDED ENTRY--TOPICAL TERM
Topical term or geographic name as entry element Soil
Chronological subdivision India.
650 ## - SUBJECT ADDED ENTRY--TOPICAL TERM
Topical term or geographic name as entry element Fertility
Geographic subdivision India.
942 ## - ADDED ENTRY ELEMENTS (KOHA)
Source of classification or shelving scheme Dewey Decimal Classification
Koha item type Book
Holdings
Withdrawn status Lost status Source of classification or shelving scheme Damaged status Not for loan Home library Branch Name Shelving location Date acquired Total Checkouts Full call number Barcode Date last seen Price effective from Koha item type
    Dewey Decimal Classification     SAU Library SAU Library General Stacks 04/04/1979   631.4 AGS 2811 09/02/2015 09/02/2015 Book
    Dewey Decimal Classification     SAU Library SAU Library General Stacks 04/04/1919   631.4 AGS 2812 09/02/2015 09/02/2015 Book